000 nam a22 a 4500
999 _c141811
_d141811
003 BLK
005 20220502163033.0
008 180409b bul|||||r ||||||| ||bul||
010 _aKNG00147886000
040 _aBLK
041 _aBUL
_cBUL
080 _aБългарска литература
_b821.163.2
_x-31
_z821.163.2-31
100 1 _aГрубешлиева, Мария Иванова
_eпърви автор
_9368332
139 _aГрубешлиева, Мария Иванова
245 1 0 _aВрагове
_bРоман
_cМария Иванова Грубешлиева.
257 _aBGR
260 _aСофия
_bПрофиздат
_c1964
300 _a188 с., 1 л. портр.
_c20 см
380 _aX
852 _aЦб 32613
_bЦб
856 4 _qpdf
856 4 _qpdf
942 _cKNG
_n0
_s1
944 _aCR
_c26.09.2016
_kНора_Радева
944 _aED
_c27.09.2016
_kНора_Радева